Flight of the quetzalcoatlus / (Record no. 6092)

MARC details
000 -LEADER
fixed length control field 01454cam a22003857a 4500
001 - CONTROL NUMBER
control field 6092
003 - CONTROL NUMBER IDENTIFIER
control field FISKH
005 - DATE AND TIME OF LATEST TRANSACTION
control field 20250310142317.0
008 - FIXED-LENGTH DATA ELEMENTS--GENERAL INFORMATION
fixed length control field 090401s2008 nyuab j 000 1 eng d
010 ## - LIBRARY OF CONGRESS CONTROL NUMBER
LC control number 2009277327
020 ## - INTERNATIONAL STANDARD BOOK NUMBER
International Standard Book Number 9780545053808
020 ## - INTERNATIONAL STANDARD BOOK NUMBER
International Standard Book Number 0545053803
035 ## - SYSTEM CONTROL NUMBER
System control number (OCoLC)ocn225871199
040 ## - CATALOGING SOURCE
Original cataloging agency BTCTA
Transcribing agency BTCTA
Modifying agency BAKER
-- SO$
-- UPZ
-- LEO
-- CN5O8
-- DLC
Language of cataloging eng
050 ## - LIBRARY OF CONGRESS CALL NUMBER
Classification number PZ7.S8805 F
082 ## - DEWEY DECIMAL CLASSIFICATION NUMBER
Classification number 823.92
100 1# - MAIN ENTRY--PERSONAL NAME
Personal name Stone, Rex
245 10 - TITLE STATEMENT
Title Flight of the quetzalcoatlus /
Statement of responsibility, etc. by Rex Stone ; illustrated by Mike Spoor
250 ## - EDITION STATEMENT
Edition statement This edition first published in 2008
260 ## - PUBLICATION, DISTRIBUTION, ETC.
Place of publication, distribution, etc. New York :
Name of publisher, distributor, etc. Scholastic,
Date of publication, distribution, etc. 2008.
300 ## - PHYSICAL DESCRIPTION
Extent 63 pages :
Other physical details illustrations ;
Dimensions 20 cm.
505 ## - FORMATTED CONTENTS NOTE
Formatted contents note P
520 ## - SUMMARY, ETC.
Summary, etc. Tom and Jamie are on a rescue mission: a quetzalcoatlus has dino-napped their friend the wannanosaurus. With a wingspan of 40 feet, the quetzalcoatlus is a high flier--and a fast one. Tracking Wanna won't be easy, but Tom and Jamie have a plan.
521 8# - TARGET AUDIENCE NOTE
Target audience note 620<br/>
Source Lexile<br/>
521 8# - TARGET AUDIENCE NOTE
Target audience note P<br/>
Source Raz-Plus<br/>
650 #0 - SUBJECT ADDED ENTRY--TOPICAL TERM
Topical term or geographic name entry element Pterodactyls
Form subdivision Juvenile fiction.
650 #0 - SUBJECT ADDED ENTRY--TOPICAL TERM
Topical term or geographic name entry element Dinosaurs
Form subdivision Juvenile fiction.
650 #0 - SUBJECT ADDED ENTRY--TOPICAL TERM
Topical term or geographic name entry element Boys
Form subdivision Juvenile fiction.
700 1# - ADDED ENTRY--PERSONAL NAME
Personal name Spoor, Mike
Dates associated with a name illustrator
800 1# - SERIES ADDED ENTRY--PERSONAL NAME
Personal name Stone, Rex.
Title of a work Dinosaur Cove ;
Volume/sequential designation 4.
856 42 - ELECTRONIC LOCATION AND ACCESS
Materials specified Publisher description
Uniform Resource Identifier <a href="http://www.loc.gov/catdir/enhancements/fy1116/2009277327-d.html">http://www.loc.gov/catdir/enhancements/fy1116/2009277327-d.html</a>
906 ## - LOCAL DATA ELEMENT F, LDF (RLIN)
a 7
b cbc
c copycat
d 2
e ncip
f 20
g y-gencatlg
942 ## - ADDED ENTRY ELEMENTS (KOHA)
Source of classification or shelving scheme Dewey Decimal Classification
Koha item type Books
Suppress in OPAC No
Holdings
Withdrawn status Lost status Source of classification or shelving scheme Damaged status Not for loan Collection Home library Current library Shelving location Date acquired Total Checkouts Full call number Barcode Date last seen Copy number Price effective from Koha item type
    Dewey Decimal Classification     Juvenile Fiction Footprints International School Library Network Toul Tom Poung Campus Footprints International School Library Network Toul Tom Poung Campus TTP Primary Yellow Bookshelves 03/10/2025   STO 823.92 PZ7.S8805 F 2025-0776 03/10/2025 1 03/10/2025 Books